|
|
|
|
| LEADER |
00885nab#a2200361#ar4500 |
| 001 |
000094321 |
| 003 |
SVKKK |
| 005 |
20090306140753.0 |
| 008 |
080312c2008 xo |||||||||||||||b|slo |
| FMT |
|
|
|
| 015 |
|
|
|a SNBRB2009/03
|
| 038 |
|
|
|a SVKKK
|
| 040 |
|
|
|a SVKKK
|b slo
|e AACR2
|
| 041 |
0 |
|
|a slo
|
| 044 |
|
|
|a xo
|c SK
|
| 080 |
|
|
|a 271-393
|2 1997
|
| 080 |
|
|
|a 929 Rybár, Ján
|2 1997
|
| 100 |
1 |
|
|a Hladík, Ján
|4 aut
|
| 245 |
1 |
0 |
|a O kňazovi a jeho hľadaní hlbokej ľudskosti
|c Ján Hladík
|
| 300 |
|
|
|b Fotogr.
|
| 600 |
1 |
4 |
|a Rybár, Ján
|d 1911-2004
|x kňaz
|z Zohor (Slovensko)
|x pôsobenie
|
| 655 |
|
4 |
|a náboženstvo
|
| 655 |
|
4 |
|a biografie
|
| 773 |
0 |
|
|t Katolícke noviny
|g Roč. 123, č. 49 (2008), s. 15
|x 0139-8512
|
| 957 |
|
|
|a Zohor
|
| 958 |
|
|
|a NT
|
| 958 |
|
|
|a BX
|
| 974 |
|
|
|a Čr
|
| 992 |
|
|
|a RBX
|
| BAS |
|
|
|
| 852 |
|
|
|a SVKKK
|b BIB
|
| EXP |
|
|
|
| 998 |
|
|
|a SLO
|